| 000 | 00477nam a22001457a 4500 | ||
|---|---|---|---|
| 020 | _a978-0262542364 | ||
| 040 | _cNUST | ||
| 082 |
_a005.133 _bGUT |
||
| 100 |
_aGuttag, John V. _9125535 |
||
| 245 |
_aIntroduction to Computation and Programming Using Python: _bWith Application to Computational Modeling and Understanding Data / _cJohn V. Guttag |
||
| 250 | _a3rd Ed. | ||
| 260 |
_aLondon ; _bMIT Press , _c2021. |
||
| 300 |
_aInvp. ; _bHardbinding , _c27cm. |
||
| 942 |
_2ddc _cBK |
||
| 999 |
_c611279 _d611279 |
||